000
00339 a2200157 4500
001
15754
020
_a
9788574125510
040
_c
Anchieta - Bela Vista
100
_a
Alexander, Kwame
240
1
0
_a
Olha a onda!
_l
por
245
1
0
_a
Olha a onda!
300
_a
29
362
0
_a
2017
650
4
_a
Literatura infanto-juvenil
942
_c
BK
999
_c
15754
_d
15754